[Event "KATEGORNI TURNIR IV. KATEGORNIKOV"]
[Site "Domzale"]
[Date "2009.04.01"]
[Round "11"]
[White "Simenc, Blaz"]
[Black "Perbil, Maks"]
[Result "0-1"]
[WhiteElo "1500"]
[BlackElo "1500"]
[PlyCount "138"]
[EventDate "2002.01.09"]

1. e4 e5 2. d3 Bc5 3. Nf3 d6 4. Be2 Nf6 5. O-O O-O 6. Nc3 Nc6 7. a3 g6 8. Bh6
Re8 9. Qd2 Ng4 10. Bg5 f6 11. Bh6 Nxh6 12. Qxh6 Qd7 13. Nd5 Bb6 14. Nxf6+ Kh8
15. Nxd7 Bxd7 16. Ng5 Re7 17. Bf3 Nd4 18. Qh4 Nxc2 19. Ra2 c5 20. Bg4 Bxg4 21.
Qxg4 Rf8 22. Qh4 c4 23. Nf3 Ref7 24. Qg4 Be3 25. h3 Kg7 26. Qg3 Bf4 27. Qg4 h5
28. Qh4 Kh6 29. g3 g5 30. gxf4 gxh4 31. Nxh4 Rxf4 32. Ng2 Rf3 33. Ne1 Nxe1 34.
Rxe1 Rxh3 35. dxc4 Rhf3 36. Rf1 R3f4 37. f3 Rxf3 38. Rxf3 Rxf3 39. Ra1 Kg5 40.
Kg2 Re3 41. Rd1 Rxe4 42. Rxd6 Rxc4 43. Rd7 Rc2+ 44. Kf3 Rxb2 45. Rg7+ Kf5 46.
Rh7 Rb3+ 47. Ke2 Rxa3 48. Rxh5+ Ke6 49. Rh7 b5 50. Rh4 Kd5 51. Rb4 Kc5 52. Re4
Kd5 53. Rb4 a6 54. Rh4 Ra4 55. Rh3 b4 56. Kd2 Ra3 57. Rh1 b3 58. Kc3 e4 59. Kb2
Ra5 60. Kxb3 e3 61. Re1 Ke4 62. Kc3 Rb5 63. Kc4 Rb8 64. Kc3 a5 65. Kc2 a4 66.
Kd1 Rb1+ 67. Ke2 Rxe1+ 68. Kxe1 a3 69. Kd1 a2 0-1

[Event "KATEGORNI TURNIR IV. KATEGORNIKOV"]
[Site "Domzale"]
[Date "2009.03.25"]
[Round "11"]
[White "Mazej, Ziga"]
[Black "Cehic Limoni, Benjamin"]
[Result "0-1"]
[WhiteElo "1500"]
[BlackElo "1500"]
[PlyCount "112"]
[EventDate "2002.01.09"]

1. e4 d5 2. exd5 Nf6 3. Nc3 c6 4. dxc6 Nxc6 5. Nf3 Bg4 6. Be2 e6 7. d3 Bd6 8.
Bg5 O-O 9. Qd2 Ne5 10. Nxe5 Bxe5 11. O-O-O Qc7 12. Bxg4 Nxg4 13. Nb5 Qb8 14.
Be7 Bf4 15. Bxf8 Bxd2+ 16. Rxd2 Kxf8 17. Re2 Nxh2 18. Rhe1 Qf4+ 19. Re3 Qxf2
20. R3e2 Qc5 21. Nc3 Rd8 22. Ne4 Qc7 23. Ng5 Rc8 24. Nxh7+ Kg8 25. Ng5 Qc5 26.
Rh1 Qxg5+ 27. Kd1 Qf6 28. Rxh2 Qxb2 29. c4 Qb1+ 30. Kd2 Qxa2+ 31. Ke3 Qa5 32.
g3 Qe5+ 33. Kf3 Qf5+ 34. Ke3 Rd8 35. Rd2 Qg5+ 36. Ke2 Qxg3 37. Rf2 a5 38. Rf3
Qe5+ 39. Re3 Qc3 40. c5 Qxc5 41. Re4 g5 42. Rc4 Qxc4 43. dxc4 Rxd2+ 44. Kxd2 f5
45. Ke2 g4 46. Kf2 a4 47. Kg2 a3 48. Kf2 a2 49. Ke2 a1=Q 50. Kf2 Qc3 51. Kg2
Qf3+ 52. Kh2 Qh3+ 53. Kg1 f4 54. Kf2 g3+ 55. Kg1 Qh2+ 56. Kf1 Qf2# 0-1

[Event "KATEGORNI TURNIR IV. KATEGORNIKOV"]
[Site "Domzale"]
[Date "2009.04.06"]
[Round "11"]
[White "Jeric, Miha"]
[Black "Novsak, Noah"]
[Result "0-1"]
[WhiteElo "1500"]
[BlackElo "1500"]
[PlyCount "106"]
[EventDate "2002.01.09"]

1. d4 d5 2. c4 c6 3. Nc3 Nf6 4. e3 Bf5 5. cxd5 cxd5 6. Bd3 e6 7. Bxf5 exf5 8.
Nf3 Bb4 9. Bd2 Nc6 10. O-O Ne4 11. a3 Bxc3 12. Bxc3 O-O 13. Qd3 Re8 14. Rfe1
Qd6 15. Rad1 Rac8 16. h3 a6 17. Nd2 b5 18. b4 Nxc3 19. Qxc3 Ne5 20. Qb2 Nd3 21.
Qb3 Nxe1 22. Rxe1 Qc6 23. Qb2 Qc2 24. Qxc2 Rxc2 25. Rd1 Ra2 26. Nb3 Rxa3 27.
Nc5 a5 28. Rb1 a4 29. g4 fxg4 30. hxg4 Rc3 31. Kg2 a3 32. Nb3 Ra8 33. Na1 a2
34. Rb2 g5 35. f4 f6 36. Kf2 Ra4 37. fxg5 fxg5 38. Ke2 Rc4 39. Kd3 Rcxb4 40.
Rxb4 Rxb4 41. Kc3 Rb1 42. Nb3 a1=Q+ 43. Nxa1 Rxa1 44. Kb4 Rb1+ 45. Kc5 b4 46.
Kxd5 b3 47. Ke4 b2 48. d5 Rd1 49. Ke5 b1=Q 50. d6 Qb5+ 51. Ke6 Qd5+ 52. Ke7
Qxd6+ 53. Ke8 Qd7# 0-1